000 00641nam a2200217Ii 4500
003 JO-AjNU
008 230606s9999||||xx |||||||||||||| ||und||
020 _a0-340-23768
040 _aJO-AjNU
_beng
_erda
_cJO-AjNU
041 _aeng
050 1 4 _aPN3171 .S72 1980
100 3 _aStanley , Susan M,
_eauthor
_95452
245 0 0 _a Drama without script : the practice of improvised drama
250 _a1 ed
264 3 1 _aLondon : Hodder and Stoughton , 1980
300 _a138p
336 _atext
_btxt
_2rdacontent
337 _aunmediated
_bn
_2rdamedia
338 _avolume
_bnc
_2rdacarrier
650 4 _a Drama in education. 
_95453
999 _aE2818
_c2816
_d2816